Online
Catalog
Normal view MARC view

Entry Nombre personal

Number of records used in: 20

001 - NÚMERO DE CONTROL

  • campo de control: 1952

003 - IDENTIFICADOR DEL NÚMERO DE CONTROL

  • campo de control: BNPHU

005 - FECHA Y HORA DE LA ÚLTIMA TRANSACCIÓN

  • campo de control: 20260306091825.0

008 - DATOS DE LONGITUD FIJA

  • campo de control de longitud fija: 200615|| aca||aabn | a|a d

010 ## - NÚMERO DE CONTROL DE LA BIBLIOTECA DEL CONGRESO

  • Número de control de LC: n 95016132

040 ## - FUENTE DE LA CATALOGACIÓN

  • Centro catalogador/agencia de origen: DO-SdBNP
  • Lengua de catalogación: spa
  • Centro/agencia transcriptor: BNPHU
  • Normas de descripción: rda

100 1# - ENCABEZAMIENTO-NOMBRE DE PERSONA

  • Nombre de persona: Mieses Burgos, Franklin,
  • Fechas asociadas al nombre: 1907-1976

370 ## - LUGAR ASOCIADO

  • Lugar de nacimiento: Santo Domingo (República Dominicana)

372 ## - CAMPO DE ACTIVIDAD

  • Campo de actividad: Poesía

374 ## - OCUPACIÓN

  • Ocupación: Poetas

377 ## - LENGUA/LENGUAJE ASOCIADO

  • Código del idioma: spa

400 1# - TRAZADO DE VÉASE--NOMBRE DE PERSONA

  • Nombre de persona: Burgos, Franklin Mieses,
  • Fechas asociadas al nombre: 1907-1976

670 ## - FUENTE DE DATOS ENCONTRADOS

  • Cita de la fuente: Work cat.: (OSt)596: Mieses Burgos, Franklin, 1907-1976, Obras completas /, 2006.

670 ## - FUENTE DE DATOS ENCONTRADOS

  • Identificador Uniforme del Recurso: https://authorities.loc.gov/authority/396701e9-4e8d-4958-9d4b-b07a7ea87283?searchFields=name&searchType=begins&searchTerm=mieses+burgos&limit=100&sortBy=relevance&headingRef=Mieses+Burgos%2C+Franklin%2C+1907-1976 Consultado en 06 de Marzo 2026

Powered by Koha